00353nam a2200145Ia 4500003000400000005001700004008004100021040000700062041001200069082001800081100004200099245002700141260002600168365001300194OSt20251103180226.0210423s2008 xx 000 0 und d cAL aEnglish a362.30 bVHAC aVoluntary Health Association Of India aCaught in a death trap aNew DelhibVHAIc2008 b200cINR